Pojišťovny se ohlížejí za úspěšným rokem 2006
Výsledky predných svetových poisťovní za rok 2006: rast ziskovosti, spevnenie sadzieb neživotného poistenia, rast dopytu po produktoch životného poistenia, absencia katastrof. Výzvy poisťovní: rast a vývoj obchodu, výkonnosť a riadenie nákladov, vykazovanie a regulácia, riadenie rizík a kapitálu.
Salvato in:
| Natura: | Capitolo di libro |
|---|---|
| Lingua: | ceco |
| Soggetti: | |
| Tags: |
Nessun Tag, puoi essere il primo ad aggiungerne!!
|
MARC
| LEADER | 00000naa$a2200000$$$4500 | ||
|---|---|---|---|
| 001 | 0065000 | ||
| 005 | 20230927103120.9 | ||
| 041 | 0 | |a cze | |
| 044 | |a CZ | ||
| 245 | 1 | 0 | |a Pojišťovny se ohlížejí za úspěšným rokem 2006 |
| 520 | |a Výsledky predných svetových poisťovní za rok 2006: rast ziskovosti, spevnenie sadzieb neživotného poistenia, rast dopytu po produktoch životného poistenia, absencia katastrof. Výzvy poisťovní: rast a vývoj obchodu, výkonnosť a riadenie nákladov, vykazovanie a regulácia, riadenie rizík a kapitálu. | ||
| 610 | 2 | 0 | |a poisťovne |
| 610 | 2 | 0 | |a obchod |
| 610 | 2 | 0 | |a výkonnosť |
| 610 | 2 | 0 | |a riadenie rizík |